US States by AI-Generated Stereotypes - Statistics

General Stats
  • This quiz has been taken 95 times
  • The average score is 10 of 12
Answer Stats
Stereotype Answer % Correct
Loud, fast-talking, and always in a rush, they carry a tough exterior, swear by their superior bagels and pizza, and firmly believe the rest of the country just can’t keep up with their way of life. New York
99%
Sun-soaked and unapologetically quirky, they chase hurricanes like a sport, embrace flip-flops year-round, and have a colorful mix of retirees, spring breakers, and wild stories that seem stranger than fiction. Florida
92%
Laid-back and deeply connected to the ocean and land, they live by aloha spirit, treasure family and tradition, and know that paradise means balancing respect for nature with the rhythm of island life. Hawaii
91%
Rugged, self-reliant, and unconcerned with the lower 48, they live for the wilderness, laugh at harsh winters, and think nothing of driving hours for groceries or spotting moose in the backyard. Alaska
86%
Tough and sun-baked, they’re experts at surviving scorching summers, chasing sunsets over the desert, and balancing modern life with a deep respect for the rugged, wide-open landscape around them. Arizona
86%
Big-hearted and bigger than life, they wear their independence like a badge, love their barbecue and country music loud, and believe everything—especially their state—is the greatest and grandest around. Texas
83%
Coffee-fueled and outdoorsy, they balance tech innovation with endless rain, cherish their craft breweries and indie music scenes, and can’t decide if they love the mountains or the coastline more. Washington
79%
Small in size but big on attitude, they’re fiercely proud of their seafood, quick to debate the best clam shack, and carry a unique blend of East Coast charm and stubborn independence. Rhode Island
74%
Friendly and down-to-earth, they’re all about cheese, football, and cold beer, proudly enduring harsh winters with a snow shovel in one hand and a bratwurst in the other. Wisconsin
74%
Always chasing the next summit, they live in fleece jackets and trail runners, swear by craft beer and legal weed, and treat weekend hikes like a competitive sport and a spiritual calling all at once Colorado
73%
Loud, proud, and full of soul, they live for spicy food, lively music, and a deep sense of community that celebrates life through Mardi Gras, gumbo, and a whole lot of second-line dancing. Louisiana
73%
Steeped in history and southern charm, they balance rolling countryside with bustling cities, pride themselves on hospitality, and fiercely debate whether they’re more Tide or Hokie. Virginia
53%
No matching quizzes found
Score Distribution
Percent of People with Each Score
Percentile by Number Answered
Your Score History
You have not taken this quiz